000 00912nam a2200241Ia 4500
003 OSt
005 20221005112057.0
006 a|||||r|||| 00| 0
007 ta
008 221004b |||||||| |||| 00| 0 san d
020 _c467
024 _a94005
037 _b121951, 19/03/2009, Munshiram manoharlal Publishers Pvt Ltd
_cTextual
040 _aCRL
_cCRL
_bsan
041 _2san
_asan
082 _aR66x5,1,5, 15N9
100 _aमधुसूदन
245 0 _aसंक्षेपशारीरकम्
_b सारसंग्रह टीका
246 _aSankṣhepashārīrakam: sārasangrah ṭīkā
260 _aहरिद्वार
_bश्रीकृष्ण निवास आश्रम
_c1999
942 _hR66x5,1,5, 15N9
_cTEXL
_2cc
999 _c1023758
_d1023758